<?xml version="1.0" encoding="UTF-8"?><?xml-stylesheet type="text/xsl" href="static/style.xsl"?><OAI-PMH xmlns="http://www.openarchives.org/OAI/2.0/" xmlns:xsi="http://www.w3.org/2001/XMLSchema-instance" xsi:schemaLocation="http://www.openarchives.org/OAI/2.0/ http://www.openarchives.org/OAI/2.0/OAI-PMH.xsd"><responseDate>2026-04-18T05:25:14Z</responseDate><request verb="GetRecord" identifier="oai:www.recercat.cat:10459.1/468494" metadataPrefix="marc">https://recercat.cat/oai/request</request><GetRecord><record><header><identifier>oai:recercat.cat:10459.1/468494</identifier><datestamp>2025-09-16T05:08:22Z</datestamp><setSpec>com_2072_3622</setSpec><setSpec>col_2072_478537</setSpec></header><metadata><record xmlns="http://www.loc.gov/MARC21/slim" xmlns:dcterms="http://purl.org/dc/terms/" xmlns:xsi="http://www.w3.org/2001/XMLSchema-instance" xmlns:doc="http://www.lyncode.com/xoai" xsi:schemaLocation="http://www.loc.gov/MARC21/slim http://www.loc.gov/standards/marcxml/schema/MARC21slim.xsd">
   <leader>00925njm 22002777a 4500</leader>
   <datafield ind2=" " ind1=" " tag="042">
      <subfield code="a">dc</subfield>
   </datafield>
   <datafield ind2=" " ind1=" " tag="720">
      <subfield code="a">Orfila Beltran, Enric</subfield>
      <subfield code="e">author</subfield>
   </datafield>
   <datafield ind2=" " ind1=" " tag="260">
      <subfield code="c">2024</subfield>
   </datafield>
   <datafield ind2=" " ind1=" " tag="520">
      <subfield code="a">El finançament i sosteniment de l’arquitectura parroquial a la Mallorca medieval no ha gaudit de molta atenció en els estudis que s’han realitzat sobre el tema. El present treball es proposa analitzar aquest fenomen des del punt de vista de la promoció arquitectònica executada per individus, famílies, corporacions i institucions professionals, religioses i governamentals dins les obres parroquials, tant de Ciutat, com de la Part Forana. Ha consistit en un estudi pràcticament documental, amb atenció a l’escàs nombre d’esglésies conservades, de les quals, la de Santa Eulàlia ha permès realitzar un estudi de cas sobre la seva topografia simbòlica dibuixada per les advocacions dels altars i la dotació artística documentada. Com a resultat, s’ha constatat que les parròquies, particularment, a través del bastiment de capelles, es veieren molt beneficiades per part d’aquests sectors, els quals pogueren arribar a influir, en el cas de Santa Eulàlia, en la configuració de la topografia dels altars.</subfield>
   </datafield>
   <datafield ind2=" " ind1=" " tag="520">
      <subfield code="a">El financiamiento y sostenimiento de la arquitectura parroquial en la Mallorca medieval no ha gozado de mucha atención en los estudios que se han realizado sobre el tema. El presente trabajo se propone analizar este fenómeno desde el punto de vista de la promoción arquitectónica ejecutada por individuos, familias, corporaciones e instituciones profesionales, religiosas y gubernamentales dentro de las obras parroquiales, tanto de la ciudad de Mallorca, como de la Part Forana. Ha consistido en un estudio prácticamente documental, con atención al escaso nombre de iglesias conservadas, de las cuales, la de Santa Eulalia ha permitido realizar un estudio de caso sobre su topografía
simbólica dibujada por las advocaciones de los altares y la dotación artística documentada. Como resultado, se ha constatado que las parroquias, particularmente, a través de la construcción de capillas, se vieron muy beneficiadas por parte de estos sectores, los cuales pudieron llegar a influir, en el caso de Santa Eulalia, en la configuración de la topografía de los altares.</subfield>
   </datafield>
   <datafield ind2=" " ind1=" " tag="520">
      <subfield code="a">The finance and sustenance of the parochial architecture in medieval Mallorca has not been much attended in the studies done on the subject. The present paper aims to analyse this phenomenon through the architectural patronage carried out by individuals, families, religious and professional corporations, as well as governmental institutions within the parish churches, both of Ciutat and Part Forana. It has been essentially a documentary study, due to the small number of preserved churches. One of them, the parish of Santa Eulàlia, has made possible doing a case study on its symbolic sacral topography drawn by the altars’ dedications and the documented artistic endowment. As a result, it has been found that parishes were benefited by these social sectors, which could also imply a particular configuration of the topography of the altars, in the context of Santa Eulàlia.</subfield>
   </datafield>
   <datafield tag="653" ind2=" " ind1=" ">
      <subfield code="a">Arquitectura parroquial</subfield>
   </datafield>
   <datafield tag="653" ind2=" " ind1=" ">
      <subfield code="a">Promoció artística</subfield>
   </datafield>
   <datafield tag="653" ind2=" " ind1=" ">
      <subfield code="a">Altars i capelles</subfield>
   </datafield>
   <datafield tag="653" ind2=" " ind1=" ">
      <subfield code="a">Parròquia de Santa Eulàlia de Palma</subfield>
   </datafield>
   <datafield tag="653" ind2=" " ind1=" ">
      <subfield code="a">Topografia simbòlica sagrada</subfield>
   </datafield>
   <datafield tag="653" ind2=" " ind1=" ">
      <subfield code="a">Dotació artística</subfield>
   </datafield>
   <datafield tag="653" ind2=" " ind1=" ">
      <subfield code="a">Mallorca medieval</subfield>
   </datafield>
   <datafield tag="653" ind2=" " ind1=" ">
      <subfield code="a">Promoción artística</subfield>
   </datafield>
   <datafield tag="653" ind2=" " ind1=" ">
      <subfield code="a">Altares y capillas</subfield>
   </datafield>
   <datafield tag="653" ind2=" " ind1=" ">
      <subfield code="a">Iglesia parroquial de Santa Eulalia de Palma</subfield>
   </datafield>
   <datafield tag="653" ind2=" " ind1=" ">
      <subfield code="a">Topografía simbólica sagrada</subfield>
   </datafield>
   <datafield tag="653" ind2=" " ind1=" ">
      <subfield code="a">Dotación artística</subfield>
   </datafield>
   <datafield tag="653" ind2=" " ind1=" ">
      <subfield code="a">Parish architecture</subfield>
   </datafield>
   <datafield tag="653" ind2=" " ind1=" ">
      <subfield code="a">Artistic patronage</subfield>
   </datafield>
   <datafield tag="653" ind2=" " ind1=" ">
      <subfield code="a">Altars and chapels</subfield>
   </datafield>
   <datafield tag="653" ind2=" " ind1=" ">
      <subfield code="a">Parish church of Santa Eulàlia of Palma</subfield>
   </datafield>
   <datafield tag="653" ind2=" " ind1=" ">
      <subfield code="a">Symbolic sacral topography</subfield>
   </datafield>
   <datafield tag="653" ind2=" " ind1=" ">
      <subfield code="a">Artistic endowment</subfield>
   </datafield>
   <datafield tag="653" ind2=" " ind1=" ">
      <subfield code="a">Medieval Mallorca</subfield>
   </datafield>
   <datafield ind2="0" ind1="0" tag="245">
      <subfield code="a">La promoció privada i corporativa de l’arquitectura parroquial a Mallorca (1229 – c. 1520)</subfield>
   </datafield>
</record></metadata></record></GetRecord></OAI-PMH>